000 00518nam a2200169Ia 4500
003 GCL
008 140319s9999 xx 000 0 ara d
040 _aGCL /
_cGCL
082 0 4 _aق
_b953.09
_bس و
245 1 0 _aوثائق أهل الذمة فى العصر العثمانى وأهميتها التاريخية
300 _a149
490 _aكتاب
_v0
650 0 4 _aوثائق
650 0 4 _aاهل الذمة
650 0 4 _aالعالم العربى - تاريخ - العصر العثمانى
942 _2ddc
_cBK
999 _c43006
_d43006